000 00915nam a22002777a 4500
001 BR9403243
003 BR-BrBNA
005 20230928094209.0
007 ta
008 230509b bl.||||| |||| 00| 0 por d
040 _aBR-BrBNA
_bpor
_cBiblioteca Nacional de Agricultura
041 _a(Por)
072 _aL53
_b5214
090 _ 5214 BR9403243
100 1 _aSilva, A.N. da
110 1 _aUniversidade Federal de Minas Gerais, Belo Horizonte, (Brasil). Escola de Veterinaria
_0Tese (Mestrado)
245 1 _aDesempenho de novilhos e vacas primiparas da raca holandesa, como doadoras de embrioes
260 3 _aBelo Horizonte, MG (Brasil):
_c1992.
300 _a125 p.
500 _aBibliography p. 99-104 (60 ref.); Summary (Por); 24 tables
650 _aGado Holandes
650 _aTransferencia de Embriao
650 _aEficiencia Reprodutiva
909 _a202309
_bLucia
_c55
_dLucia Elande
942 _cBK
999 _c49340
_d49340